|
|
|
|
| LEADER |
00000nab a2200000 a 4500 |
| 001 |
vtls000833076 |
| 003 |
SK-MaSNL |
| 005 |
20260304125149.0 |
| 008 |
250429c2002 xo 0 slo |
| 015 |
|
|
|a SNBRB2003/04-12727
|
| 035 |
|
|
|a CLN000184731
|
| 035 |
|
|
|a urn:nbn:sk:snk-abf6tw
|
| 035 |
|
|
|a (urnnbn)urn:nbn:sk:snk:ar-0018x5
|
| 035 |
|
|
|a (uuid)f862f79a-6e30-4500-a135-bb01a1be116b
|
| 040 |
|
|
|a SNKBUCL
|b slo
|c SNKBUCL
|e AACR2
|
| 041 |
0 |
|
|a slo
|
| 044 |
|
|
|a xo
|c SK
|
| 080 |
|
|
|a 519.71
|2 1997
|
| 080 |
|
|
|a 519.876
|2 1997
|
| 100 |
1 |
|
|a Madarász, Ladislav,
|d 1949-
|4 aut
|9 182865
|
| 245 |
1 |
0 |
|a Vývoj a perspektívy situačného riadenia zložitých systémov
|n (3)
|c Ladislav Madarász, Eva Ocelíková
|
| 504 |
|
|
|a Bibliogr. odkazy
|
| 650 |
0 |
7 |
|a systémy zložité
|x riadenie situačné
|2 snkbucl
|9 1407456
|
| 650 |
0 |
7 |
|a riadenie situačné
|2 snkbucl
|9 926472
|
| 650 |
0 |
7 |
|a klasifikácia multikriteriálna
|2 snkbucl
|9 1155451
|
| 655 |
|
7 |
|a články z novín a časopisov
|2 snkbucl
|9 267496
|
| 700 |
1 |
|
|a Ocelíková, Eva,
|d 1942-2023
|4 aut
|9 7570
|
| 773 |
0 |
|
|t AT&P journal
|g Roč. 9, č. 12 (2002), s. 76-77
|x 1335-2237
|
| 850 |
|
|
|a Slovenská národná knižnica
|
| 852 |
|
|
|a Slovenská národná knižnica
|
| 954 |
|
|
|a odborná, vedecká literatúra pôvodná (slovenská)
|2 lita
|
| 958 |
|
|
|a article23
|
| 958 |
|
|
|a OND
|
| 958 |
|
|
|a NB
|
| 958 |
|
|
|a EUIPO
|
| 992 |
|
|
|a RBX
|
| 999 |
|
|
|c 2893320
|d 2895250
|